000 00261nam a2200097Ia 4500
001 1219828
005 20250827092759.0
008 250824s9999 xx 000 0 und d
245 0 _aHOLLOW MALİKANESİ CİNAYETİ
_cAGATHA CHİRİSTİE
260 _bALTIN KİTAPLAR
999 _c1219828
_d1219828